00421nam a2200157 a 4500008004100000020001500041050001400056100002000070245002500090246002800115260003900143300002000182350000900202650001500211650003700226120416s1980 ||||||||||||||||| || u a0471998286 aHD 31 Bil aBilyea, Cliff G14aThe Canadian manager aeffectiveness in action aTorontobJohn Wiley and Sonsc1980 axi, 259p. : ill a0.00 0aMANAGEMENT aMANAGERIAL EFFECTIVENESS--CANADA